000 00588nam a2200241Ia 4500
008 190123s9999 xx 000 0 und d
020 _a9780590469883
050 _bA596 1991
100 _aAnholt, Catherine
245 0 _aAll about you /
245 0 _cby Catherine Anholt and Laurence Anholt.
260 _aNew York, New York :
260 _bScholastic,
260 _c1991
300 _aunpaged :
300 _bcolored illustrations ;
300 _c25cm.
500 _aBR
650 _aSelf.
650 _aSelf-perception.
650 _aVocabulary.
700 _aTitle.
999 _c361009
_d361009